ბათუმის შოთა რუსთაველის სახელმწიფო უნივერსიტეტის ბიბლიოთეკა

Основы лингвокультурологии (ბიბ.ჩანაწერი № 35272)

000 -LEADER
fixed length control field 00644nam a2200241Ia 4500
001 - CONTROL NUMBER
control field 1121
003 - CONTROL NUMBER IDENTIFIER
control field GE_BSU
008 - FIXED-LENGTH DATA ELEMENTS--GENERAL INFORMATION
fixed length control field 181216s||||||||xx |||||||||||||| ||und||
020 ## - INTERNATIONAL STANDARD BOOK NUMBER
International Standard Book Number 5893496817
040 ## - CATALOGING SOURCE
Transcribing agency GE_BSU
080 ## - UNIVERSAL DECIMAL CLASSIFICATION NUMBER
Universal Decimal Classification number 81(075.8):008
100 ## - MAIN ENTRY--PERSONAL NAME
Personal name Хроленко,А.Т.
245 ## - TITLE STATEMENT
Title Основы лингвокультурологии
245 ## - TITLE STATEMENT
Remainder of title Уч-е пособие
245 ## - TITLE STATEMENT
Statement of responsibility, etc. Под ред.В.Д.Бондалетова
260 ## - PUBLICATION, DISTRIBUTION, ETC.
Place of publication, distribution, etc. Москва
260 ## - PUBLICATION, DISTRIBUTION, ETC.
Name of publisher, distributor, etc. Флинта
260 ## - PUBLICATION, DISTRIBUTION, ETC.
Date of publication, distribution, etc. 2004
300 ## - PHYSICAL DESCRIPTION
Extent 184стр.
653 ## - INDEX TERM--UNCONTROLLED
Uncontrolled term Основы лингвокультурологии
942 ## - ADDED ENTRY ELEMENTS (KOHA)
Koha item type წიგნი
ეგზემპლარები
Withdrawn status Lost status Damaged status Not for loan Date acquired Barcode Date last seen Price effective from Koha item type
        2018-12-17 1690 2018-12-17 2018-12-17 წიგნი